Statistics for 14 Most Educated Countries in the World

Click here to take the quiz!

General Stats

  • This quiz has been taken 277 times
  • The average score is 11 of 14

Answer Stats

Hint5Answer% Correct
7United Kingdom
95%
5United States
95%
3Japan
94%
2Canada
92%
14Germany
89%
11Australia
87%
8Norway
84%
10South Korea
81%
12Finland
80%
13Ireland
77%
6New Zealand
77%
9Netherlands
74%
1Russia
64%
4Israel
39%

Score Distribution

Percentile by Number Answered

Percent of People with Each Score

Your Score History

You have not taken this quiz